000 00894nam a2200265 a 4500
001 35640
003 BD-RjUL
005 20211209052345.0
008 140528r19511918enk 001 0 eng d
035 _a(BD-RjUL)35735
040 _aNZOC
_beng
_cNZOC
_dBD-RjUL
041 _aeng
082 0 4 _a320.15
_220
_bHOM 1951
100 1 _aHobhouse, L. T.
_q(Leonard Trelawney),
_d1864-1929.
_9108513
245 1 4 _aThe metaphysical theory of the state :
_ba criticism /
_cby L.T. Hobhouse.
260 _aLondon :
_bAllen & Unwin,
_c1918 [Impression 1951].
300 _a156 p. ;
_c22 cm.
504 _aIncludes index.
600 1 0 _aHegel, Georg Wilhelm Friedrich,
_d1770-1831
_xContributions in political science.
_9108518
650 0 _aState, The.
_9108516
942 _2ddc
_cBK
999 _c35640
_d35640